000 00659nam a2200217Ia 4500
003 GCL
008 140319s9999 xx 000 0 ara d
040 _aGCL /
_cGCL
082 0 4 _a191
_bز م
100 1 _aزكى نجيب محمود
245 1 0 _aالمعقول واللامعقول فى تراثنا الفكرى /
_cزكى نجيب محمود
250 _aالخامسة
260 _aالقاهرة :
_bدار الشروق ،
_c1993
300 _a495 ص ؛
_c20 سم
490 _a
650 0 4 _aالتراث العربى
650 0 4 _aالتاريخ
650 0 4 _aالثقافة
650 0 4 _aالثقافة العربية
942 _2ddc
_cBK
999 _c43567
_d43567